[Event "Liepajas Rokade"]
[Site "Liepaya"]
[Date "2004.07.31"]
[Round "6"]
[White "Kveinys, Aloyzas"]
[Black "Neiksans, Arturs"]
[Result "1/2-1/2"]
[WhiteElo "2565"]
[BlackElo "2440"]
[PlyCount "39"]
[EventDate "2004.07.30"]
[SourceDate "2004.08.11"]

1. e4 e5 2. Nf3 Nf6 3. d4 exd4 4. e5 Ne4 5. Bb5 Nc6 6. O-O Be7 7. Re1 Nc5 8. Nxd4 Nxd4 9. Qxd4 O-O 10. Nc3 c6 11. Bf1 d5 12. exd6 Qxd6 13. Be3 Be6 14. Qxd6 Bxd6 15. Rad1 Be7 16. a3 a5 17. Bd4 Rfe8 18. h3 b5 19. Ne2 Bf8 20. Be3 1/2-1/2

[Event "FRA Team Ch"]
[Site "France"]
[Date "1988.??.??"]
[Round "?"]
[White "Kosten, Anthony C"]
[Black "Miralles, Gilles"]
[Result "1-0"]
[WhiteElo "2515"]
[BlackElo "2430"]
[PlyCount "43"]
[EventDate "1988.??.??"]
[Source "www.chesslib.no"]
[SourceDate "2004.05.04"]

1. e4 e5 2. Nf3 Nf6 3. d4 exd4 4. e5 Ne4 5. Bb5 c6 6. Qxd4 Qa5+ 7. c3 Nxf2 8. Qxf2 Qxb5 9. a4 Qd5 10. Be3 d6 11. O-O h6 12. Na3 dxe5 13. Rad1 Qb3 14. Nc4 Be6 15. Ncxe5 Be7 16. Nd4 Qd5 17. Ndxc6 Nxc6 18. Rxd5 Bxd5 19. Nxc6 bxc6 20. Bc5 Bf6 21. Qe2+ Be6 22. Qa6 1-0

[Event "Budapest FS02 GM"]
[Site "Budapest"]
[Date "2001.02.09"]
[Round "6"]
[White "Szieberth, Adam"]
[Black "Kallio, Heikki"]
[Result "1/2-1/2"]
[WhiteElo "2400"]
[BlackElo "2431"]
[PlyCount "65"]
[EventDate "2001.02.03"]
[Source "ChessBase"]
[SourceDate "2001.03.08"]

1. e4 e5 2. Nf3 Nf6 3. d4 d5 4. Nxe5 Nxe4 5. Bd3 Nc6 6. Nxc6 bxc6 7. O-O Bd6 8. Qh5 Qf6 9. Nc3 Bf5 10. Re1 O-O 11. Qf3 Rae8 12. Bf4 Qe6 13. Bxe4 dxe4 14. Qe3 Bg6 15. Bxd6 cxd6 16. d5 cxd5 17. Qxa7 f5 18. Qd4 Bf7 19. Rad1 Rc8 20. Nxd5 Qxd5 21. Qxd5 Bxd5 22. Rxd5 Rxc2 23. Rxd6 Rxb2 24. a4 Ra8 25. g4 Rxa4 26. gxf5 Kf7 27. Re6 Rbb4 28. Rc6 Rb7 29. Kg2 Ra5 30. Rxe4 Rxf5 31. f3 h5 32. h4 Kg8 33. Rec4 1/2-1/2

[Event "COL-ch"]
[Site "Fusagasuga"]
[Date "1999.12.15"]
[Round "4"]
[White "Zapata, Alonso"]
[Black "Castro Rojas, Oscar Humberto"]
[Result "1-0"]
[WhiteElo "2454"]
[BlackElo "2359"]
[PlyCount "85"]
[EventDate "1999.12.12"]
[Source "ChessBase"]
[SourceDate "2000.01.11"]

1. e4 e5 2. Nf3 Nf6 3. d4 exd4 4. e5 Ne4 5. Bb5 c6 6. Qxd4 Qa5+ 7. c3 Nxf2 8. O-O Nh3+ 9. gxh3 Qxb5 10. Qf4 Qd3 11. Nd4 Qg6+ 12. Kh1 d5 13. Nd2 Bxh3 14. Rg1 Qh6 15. Qg3 Qh5 16. N2f3 c5 17. Nb5 Na6 18. Bf4 Bf5 19. Nd2 Bd7 20. a4 Bc6 21. Rge1 Qg6 22. Nd6+ Kd7 23. Nxf7 Qxg3 24. e6+ Ke8 25. Bxg3 Rg8 26. Kg1 Be7 27. Rf1 Bf6 28. Rae1 d4 29. Nc4 Ke7 30. Bd6+ Ke8 31. Bg3 Ke7 32. Ncd6 dxc3 33. Nf5+ Ke8 34. N7d6+ Kd8 35. Nf7+ Ke8 36. bxc3 Bxc3 37. N7d6+ Kd8 38. Rd1 g6 39. Nxb7+ Kc8 40. Nbd6+ Kc7 41. Nc4+ Kc8 42. Nfd6+ Kd8 43. Rf7 1-0

[Event "Hoogovens-B"]
[Site "Wijk aan Zee"]
[Date "1984.??.??"]
[Round "6"]
[White "Kuijf, Marinus"]
[Black "Hartoch, Robert G"]
[Result "0-1"]
[WhiteElo "2430"]
[BlackElo "2355"]
[PlyCount "70"]
[EventDate "1984.01.??"]
[Source "ChessBase"]

1. e4 e5 2. Nf3 Nf6 3. d4 exd4 4. e5 Ne4 5. Bb5 c6 6. Qxd4 Qa5+ 7. c3 Nxf2 8. Bc4 Bc5 9. Qf4 d5 10. exd6 Be6 11. b4 Bxc4 12. Qe5+ Be6 13. Qxg7 Nd3+ 14. Kd2 Nxb4 15. Qxh8+ Kd7 16. Ba3 N8a6 17. cxb4 Nxb4 18. Qc3 Be3+ 19. Ke1 Nd3+ 20. Ke2 Nf4+ 21. Kd1 Qa4+ 22. Qc2 Qa5 23. Re1 Qd5+ 24. Nbd2 Nxg2 25. Re2 Bg4 26. Qb3 Bxf3 27. Qxd5 Bxe2+ 28. Kxe2 cxd5 29. Nf3 Re8 30. Kf1 Nf4 31. Ng5 Rg8 32. Nf3 f6 33. Rb1 b6 34. Re1 d4 35. Bb2 Nd3 0-1

[Event "Hostafrancs op 3rd"]
[Site "Barcelona"]
[Date "2001.09.07"]
[Round "7"]
[White "Kalod, Radek"]
[Black "Hidalgo Mena, Andres"]
[Result "1/2-1/2"]
[WhiteElo "2480"]
[BlackElo "2304"]
[PlyCount "48"]
[EventDate "2001.09.01"]
[Source "ChessBase"]
[SourceDate "2001.10.26"]

1. e4 e5 2. Nf3 Nf6 3. Nxe5 Nxe4 4. d4 d5 5. Bd3 Bd6 6. O-O Nc6 7. Bb5 O-O 8. Bxc6 bxc6 9. f3 f6 10. Nc4 Ba6 11. Nxd6 Nxd6 12. Re1 Re8 13. Nc3 Nf5 14. Rxe8+ Qxe8 15. Bf4 g5 16. Bxc7 Qe3+ 17. Kh1 Re8 18. Bg3 Re6 19. Qe1 Qxe1+ 20. Bxe1 Nxd4 21. Bf2 Nxc2 22. Rc1 Nb4 23. Bxa7 Nd3 24. Rb1 Rd6 1/2-1/2

[Event "Buenos Aires TB"]
[Site "Buenos Aires ARG"]
[Date "1989.??.??"]
[Round "?"]
[White "Zarnicki, Pablo A"]
[Black "Toledo Lopez, Francisco J"]
[Result "1/2-1/2"]
[WhiteElo "2385"]
[BlackElo "2300"]
[PlyCount "98"]
[EventDate "1989.??.??"]
[Source "www.chesslib.no"]
[SourceDate "2004.05.04"]

1. e4 e5 2. Nf3 Nf6 3. d4 exd4 4. c3 Be7 5. Bc4 Nc6 6. e5 Ne4 7. Bd5 f5 8. Nxd4 Nxd4 9. cxd4 d6 10. Bh6 dxe5 11. Bxe4 O-O 12. Qb3+ Kh8 13. Bc2 gxh6 14. dxe5 Qd4 15. O-O Qxe5 16. Nc3 Bd6 17. f4 Qe3+ 18. Kh1 Be6 19. Qa4 Rae8 20. Rae1 Bd7 21. Rxe3 Bxa4 22. Rxe8 Bxe8 23. Nd5 Bb5 24. Re1 Bc6 25. Bb3 Re8 26. Rxe8+ Bxe8 27. g3 Kg7 28. Kg2 Bf7 29. Kf3 h5 30. Ke2 c6 31. Ne3 Bg6 32. Be6 Kf6 33. Bc8 b6 34. Bd7 c5 35. Nd5+ Kg7 36. Kd3 Bf7 37. Ne3 Kf6 38. Nxf5 Bg6 39. Ke4 c4 40. h3 b5 41. g4 hxg4 42. hxg4 Bxf5+ 43. Bxf5 h6 44. Bd7 b4 45. g5+ hxg5 46. fxg5+ Kxg5 47. Kd5 c3 48. bxc3 bxc3 49. Ba4 Bf4 1/2-1/2

[Event "Krumbach Open"]
[Site "Krumbach"]
[Date "1991.??.??"]
[Round "8"]
[White "Mukhametov, Eldar"]
[Black "Panzer, Peter"]
[Result "1-0"]
[WhiteElo "2390"]
[BlackElo "2285"]
[PlyCount "79"]
[EventDate "1991.03.??"]
[Source "www.chesslib.no"]
[SourceDate "2004.05.04"]

1. e4 e5 2. Nf3 Nf6 3. d4 exd4 4. e5 Ne4 5. Bb5 Nc6 6. O-O Be7 7. Re1 Nc5 8. Nxd4 Nxd4 9. Qxd4 O-O 10. Nc3 c6 11. Bc4 d5 12. exd6 Qxd6 13. Qe3 Be6 14. Bf1 Bf6 15. b4 Bd4 16. Qf3 Nd7 17. Ne4 Qxb4 18. Ba3 Qa5 19. Rad1 c5 20. Nd6 Nf6 21. Qg3 Ng4 22. Nxb7 Bxf2+ 23. Qxf2 Qxa3 24. Qh4 Rab8 25. Nd8 Nf6 26. Nxe6 fxe6 27. Rxe6 Rbe8 28. Rxe8 Rxe8 29. Bd3 Qc3 30. Qc4+ Qxc4 31. Bxc4+ Kf8 32. Rd6 Re1+ 33. Kf2 Rc1 34. Ra6 Rxc2+ 35. Be2 Nd5 36. Ke1 Nb4 37. Rxa7 Nxa2 38. Bd3 Rxg2 39. Bxh7 Rxh2 40. Bg6 1-0

[Event "ESP-chTa"]
[Site "ESP"]
[Date "1995.??.??"]
[Round "7"]
[White "Lacasa Diaz, Jose A"]
[Black "Rubio, Jose Javier"]
[Result "0-1"]
[WhiteElo "2350"]
[BlackElo "2270"]
[PlyCount "34"]
[EventDate "1995.??.??"]
[Source "www.chesslib.no"]
[SourceDate "2004.05.04"]

1. e4 e5 2. Nf3 Nf6 3. d4 exd4 4. e5 Ne4 5. Bb5 c6 6. Qxd4 Qa5+ 7. c3 Nxf2 8. O-O Nh3+ 9. gxh3 Qxb5 10. Kg2 d5 11. Ng5 Be7 12. Na3 Qe2+ 13. Rf2 Qh5 14. e6 f6 15. Bf4 O-O 16. Raf1 Na6 17. b4 fxg5 0-1

[Event "CZE-chT2"]
[Site "?"]
[Date "1999.??.??"]
[Round "?"]
[White "Meszaros Ludek"]
[Black "Tichy Vladimir"]
[Result "1-0"]
[WhiteElo "2243"]
[BlackElo "2345"]
[PlyCount "77"]
[EventDate "1999.??.??"]
[Source "www.chesslib.no"]
[SourceDate "2004.05.04"]

1. e4 e5 2. Nf3 Nf6 3. d4 exd4 4. e5 Ne4 5. Bb5 c6 6. Qxd4 d5 7. exd6 Nxd6 8. Bd3 Qe7+ 9. Be3 Nf5 10. Bxf5 Bxf5 11. O-O Nd7 12. Re1 Be6 13. Nc3 Qb4 14. Bg5 h6 15. Bh4 Rg8 16. Rad1 Qxd4 17. Nxd4 g5 18. Nxe6 fxe6 19. Rxe6+ Kf7 20. Re2 Nb6 21. Bg3 Bg7 22. Ne4 Bxb2 23. Nd6+ Kf6 24. Rd3 Rad8 25. Rf3+ Kg6 26. Re6+ Kh7 27. h4 Rd7 28. h5 Bg7 29. Ne8 Rf8 30. Rxf8 Bxf8 31. Nf6+ Kg7 32. Nxd7 Nxd7 33. Re8 Kf7 34. Ra8 Bc5 35. Bb8 a6 36. Ba7 Bd6 37. Rd8 Ke6 38. Bd4 Bf8 39. g4 1-0

[Event "Ostende Team Ch EWG"]
[Site "Ostende"]
[Date "1975.09.27"]
[Round "9.4"]
[White "Nunn, John D M"]
[Black "Taruffi, Daniele"]
[Result "1-0"]
[WhiteElo "2375"]
[BlackElo "2200"]
[PlyCount "41"]
[EventDate "1975.??.??"]
[Source "www.chesslib.no"]
[SourceDate "2004.05.04"]

1. e4 e5 2. Nf3 Nf6 3. d4 exd4 4. e5 Ne4 5. Bb5 a6 6. Qxd4 axb5 7. Qxe4 Ra4 8. Qe2 Rg4 9. O-O b6 10. Nc3 Be7 11. e6 d6 12. Ne5 dxe5 13. Qxg4 O-O 14. Rd1 Bd6 15. Bg5 Bxe6 16. Qxe6 Qxg5 17. Qd5 Qf5 18. Nxb5 Bc5 19. Qd2 Nc6 20. c3 Ne7 21. b4 1-0

[Event "Ch France (juniors)"]
[Site "?"]
[Date "2001.??.??"]
[Round "6"]
[White "Guidarelli Laurent"]
[Black "Le Roux Jean-Pierre"]
[Result "1-0"]
[WhiteElo "2297"]
[BlackElo "2276"]
[PlyCount "101"]
[EventDate "2001.??.??"]
[Source "www.chesslib.no"]
[SourceDate "2004.05.04"]

1. e4 e5 2. Nf3 Nf6 3. d4 exd4 4. e5 Ne4 5. Bb5 c6 6. Qxd4 Nc5 7. Bc4 d5 8. exd6 Qxd6 9. Bf4 Qxd4 10. Nxd4 Be7 11. Nc3 Nbd7 12. O-O-O Nb6 13. Bb3 O-O 14. Rhe1 Nxb3+ 15. axb3 Bb4 16. Re2 Bg4 17. f3 Bd7 18. Ne4 c5 19. Bd6 Rfc8 20. g4 a5 21. Nf5 Bxf5 22. gxf5 c4 23. Rg1 Bxd6 24. Nxd6 Rc6 25. Rge1 Rf8 26. Nxb7 a4 27. Na5 Rc5 28. Nxc4 Nxc4 29. bxc4 g6 30. f6 Rf5 31. b4 axb3 32. cxb3 Rxf6 33. Re3 Kg7 34. Kb2 Rb8 35. c5 Ra6 36. Ra1 Rc6 37. Ra5 Kf6 38. Kc3 Kf5 39. Re4 Kg5 40. Rg4+ Kf5 41. Kc4 g5 42. b4 Rbc8 43. Ra7 Rh6 44. Rxf7+ Kg6 45. Rd7 Rxh2 46. f4 h6 47. fxg5 hxg5 48. Rd5 Rc2+ 49. Kb3 Rc1 50. Rdxg5+ Kf6 51. Rg1 1-0

[Event "Corr"]
[Site "?"]
[Date "2000.06.20"]
[Round "?"]
[White "Brooke Robert (USA)"]
[Black "Ivanov Nikolay (USA)"]
[Result "1-0"]
[WhiteElo "2178"]
[BlackElo "2387"]
[PlyCount "51"]
[EventDate "2000.??.??"]
[Source "www.chesslib.no"]
[SourceDate "2004.05.04"]

1. e4 e5 2. Nf3 Nf6 3. d4 d5 4. exd5 e4 5. Ne5 Nxd5 6. Bc4 Bf5 7. O-O c6 8. Re1 Bd6 9. Nd2 Bxe5 10. dxe5 Nb6 11. Bb3 O-O 12. c3 Re8 13. Nxe4 Qxd1 14. Bxd1 Rxe5 15. Bf3 Nd5 16. Bd2 Nd7 17. Nd6 Be6 18. c4 N5f6 19. b3 Rxe1+ 20. Rxe1 Nc5 21. Be3 Nfd7 22. Nxb7 Nd3 23. Rd1 N3e5 24. Be2 Kf8 25. h3 Ke8 26. f4 1-0

[Event "Moscow-ch"]
[Site "Moscow"]
[Date "1996.??.??"]
[Round "10"]
[White "Zudov, Oleg"]
[Black "Kansafarov, Marat"]
[Result "1/2-1/2"]
[WhiteElo "2165"]
[BlackElo "2380"]
[PlyCount "46"]
[EventDate "1996.08.??"]
[Source "www.chesslib.no"]
[SourceDate "2004.05.04"]

1. e4 e5 2. Nf3 Nf6 3. d4 exd4 4. e5 Ne4 5. Nxd4 d5 6. Bd3 Bc5 7. c3 Qe7 8. Qe2 Nd7 9. O-O Nxe5 10. Bxe4 dxe4 11. Qxe4 Ng6 12. Qxe7+ Nxe7 13. Nb5 Bb6 14. Re1 a6 15. N5a3 Be6 16. Nd2 O-O 17. Ndc4 Bc5 18. Be3 Bxe3 19. Nxe3 Nc6 20. Nac2 Rad8 21. a3 Bb3 22. Rad1 g6 23. f4 Kg7 1/2-1/2

[Event "SVK-ch"]
[Site "Detva"]
[Date "1977.??.??"]
[Round "11"]
[White "Privara, Igor"]
[Black "Harasta, Vladimir"]
[Result "1-0"]
[WhiteElo "2360"]
[BlackElo "2180"]
[PlyCount "133"]
[EventDate "1977.??.??"]
[Source "ChessBase"]

1. e4 e5 2. Nf3 Nf6 3. d4 d5 4. exd5 exd4 5. Bb5+ c6 6. dxc6 Qa5+ 7. Nc3 bxc6 8. Nxd4 cxb5 9. Qf3 Qc7 10. Ncxb5 Bb4+ 11. c3 Qe7+ 12. Be3 Bb7 13. Qg3 Nc6 14. Nf5 Qe5 15. cxb4 Qxg3 16. hxg3 O-O 17. Nbd6 Rab8 18. b5 Nb4 19. O-O Be4 20. Bc5 Nc2 21. Nxe4 Nxe4 22. Bxf8 Nxa1 23. Bxg7 Rxb5 24. Rxa1 Rxf5 25. Bd4 a6 26. Rc1 h5 27. f3 Rd5 28. Rc8+ Kh7 29. Bc3 Rd1+ 30. Kh2 Nxc3 31. Rxc3 Rd2 32. Rb3 a5 33. Rb5 Kg6 34. a4 f6 35. b3 Rb2 36. Rxa5 Rxb3 37. Ra7 Rb1 38. a5 Ra1 39. a6 Kf5 40. Ra8 Kg6 41. a7 Kg7 42. g4 hxg4 43. f4 Ra3 44. g3 Ra2+ 45. Kg1 Kh7 46. Kf1 Kg7 47. Ke1 Kh7 48. Kd1 Kg7 49. Kc1 Kh7 50. Kb1 Ra6 51. Kb2 Kg7 52. Kb3 Ra1 53. Kc4 Ra5 54. Kb4 Ra1 55. Kb5 Rb1+ 56. Kc6 Rc1+ 57. Kd6 Ra1 58. Ke6 Ra5 59. Rd8 Ra6+ 60. Rd6 Ra5 61. Rd7+ Kg6 62. Kd6 Kf5 63. Re7 Ra1 64. Kc6 Ra3 65. Kb7 Rb3+ 66. Kc8 Rc3+ 67. Kb8 1-0

[Event "Ceske Budejovice Open"]
[Site "Ceske Budejovice CZE"]
[Date "1995.??.??"]
[Round "9"]
[White "Jigjidsuren, Purev"]
[Black "Orsagova, Silvie"]
[Result "0-1"]
[WhiteElo "2285"]
[BlackElo "2235"]
[PlyCount "76"]
[EventDate "1995.??.??"]
[Source "www.chesslib.no"]
[SourceDate "2004.05.04"]

1. e4 e5 2. Nf3 Nf6 3. Nxe5 d6 4. Nf3 Nxe4 5. d4 d5 6. Ne5 Bd6 7. Bd3 O-O 8. O-O Re8 9. Nf3 Bg4 10. c4 c6 11. Re1 Nd7 12. Nc3 Ndf6 13. Be3 Bc7 14. cxd5 Nxc3 15. bxc3 Nxd5 16. Rc1 Qd6 17. g3 Qf6 18. Kg2 Ba5 19. Bd2 Rxe1 20. Bxe1 Qh6 21. Be2 Re8 22. Rc2 Qe6 23. Ng1 Qe4+ 24. Kf1 Bf5 25. Rc1 Qh1 26. Bg4 Be4 27. Bf3 Qxh2 28. Bxe4 Rxe4 29. Qa4 Re6 30. Bd2 Rf6 31. Bf4 Nxf4 32. gxf4 Rxf4 33. Rc2 Bxc3 34. Qxa7 h6 35. Qxb7 Bxd4 36. Qb8+ Kh7 37. Qb1 g6 38. Qe1 Rg4 0-1

[Event "Wuerzburg Open"]
[Site "Wuerzburg"]
[Date "1995.??.??"]
[Round "1"]
[White "Lindoerfer, Klaus"]
[Black "Weiss, Christian"]
[Result "1-0"]
[WhiteElo "2270"]
[BlackElo "2250"]
[PlyCount "73"]
[EventDate "1995.??.??"]
[Source "www.chesslib.no"]
[SourceDate "2004.05.04"]

1. e4 e5 2. Nf3 Nf6 3. d4 exd4 4. e5 Qe7 5. Be2 Nd5 6. Qxd4 Qb4+ 7. c3 Qxd4 8. cxd4 Bb4+ 9. Bd2 Nc6 10. Nc3 Nxc3 11. bxc3 Ba5 12. O-O O-O 13. d5 Nxe5 14. Nxe5 Re8 15. f4 d6 16. Bb5 Rxe5 17. fxe5 dxe5 18. Bc4 Bg4 19. d6 Bh5 20. d7 Rd8 21. Rae1 Rxd7 22. Rxe5 Bb6+ 23. Kh1 Kf8 24. Rxh5 Rxd2 25. Rxf7+ Ke8 26. Re5+ Kd8 27. Rd5+ Rxd5 28. Bxd5 c6 29. Be6 Ba5 30. Rxg7 Bxc3 31. Rxh7 b5 32. Rxa7 b4 33. h4 c5 34. h5 Ke8 35. h6 Kf8 36. g4 Bf6 37. Rf7+ 1-0

[Event "DANMJ"]
[Site "?"]
[Date "1998.??.??"]
[Round "?"]
[White "Sagafos, Magne"]
[Black "Nilsen, Ole Tommy"]
[Result "1-0"]
[WhiteElo "1815"]
[BlackElo "2695"]
[PlyCount "39"]
[EventDate "1998.??.??"]
[Source "www.chesslib.no"]
[SourceDate "2004.05.04"]

1. e4 e5 2. Nf3 Nf6 3. d4 exd4 4. e5 Nd5 5. Qxd4 Nb6 6. Bd2 Nc6 7. Qe4 Be7 8. Nc3 d6 9. exd6 f5 10. dxe7 Qxd2+ 11. Nxd2 fxe4 12. Nb5 e3 13. fxe3 Kxe7 14. Nxc7 Nb4 15. Nxa8 Nxc2+ 16. Kf2 Nxa1 17. Nxb6 Rf8+ 18. Nf3 axb6 19. Bd3 Rd8 20. Ke2 1-0

[Event "Ch Hungary team"]
[Site "?"]
[Date "2001.??.??"]
[Round "9"]
[White "Mohamed Jamil Yamaya"]
[Black "Moran Nuque Augusto"]
[Result "0-1"]
[WhiteElo "2061"]
[BlackElo "2381"]
[PlyCount "42"]
[EventDate "2001.??.??"]
[Source "www.chesslib.no"]
[SourceDate "2004.05.04"]

1. e4 e5 2. Nf3 Nf6 3. Nxe5 Nxe4 4. d4 d5 5. Bd3 Bd6 6. O-O Nd7 7. Nxd7 Bxd7 8. Re1 O-O 9. Bxe4 dxe4 10. Rxe4 Bc6 11. d5 Bxd5 12. Rd4 Bc6 13. Bf4 Bxf4 14. Rxd8 Raxd8 15. Qg4 Bc1 16. a4 Rfe8 17. Kf1 Re4 18. Qh5 g6 19. Qf3 Rde8 20. Qc3 Bxb2 21. Qd2 Bxa1 0-1

[Event "SVK-ch"]
[Site "Hlohovec"]
[Date "1975.??.??"]
[Round "13"]
[White "Privara, Igor"]
[Black "Polacek, Jozef"]
[Result "1-0"]
[WhiteElo "2240"]
[BlackElo "2200"]
[PlyCount "53"]
[EventDate "1975.??.??"]
[Source "ChessBase"]

1. e4 e5 2. Nf3 Nf6 3. d4 d5 4. exd5 exd4 5. Bb5+ c6 6. dxc6 Qa5+ 7. Nc3 bxc6 8. Nxd4 cxb5 9. Qf3 Bd6 10. Ndxb5 O-O 11. Qxa8 Bb4 12. O-O Ba6 13. Qxa7 Nc6 14. Qc7 Bxc3 15. Qxc6 Bxb5 16. Qxc3 Qxc3 17. bxc3 Bxf1 18. Kxf1 Rc8 19. a4 Rxc3 20. a5 Kf8 21. a6 Rc8 22. a7 Ra8 23. Be3 Ke8 24. Rb1 Nd7 25. Rb7 Kd8 26. Bf4 Kc8 27. Rxd7 1-0

[Event "Regionalliga NW 9596"]
[Site "Bayern"]
[Date "1996.??.??"]
[Round "?"]
[White "Seeger, Werner"]
[Black "Kraus, Josef"]
[Result "1-0"]
[WhiteElo "2240"]
[BlackElo "2200"]
[PlyCount "59"]
[EventDate "1995.10.??"]
[Source "www.chesslib.no"]
[SourceDate "2004.05.04"]

1. e4 e5 2. Nf3 Nf6 3. d4 exd4 4. e5 Ne4 5. Bb5 a6 6. Qxd4 Nc5 7. Bc4 Nc6 8. Qf4 Ne6 9. Bxe6 dxe6 10. O-O Bd7 11. Bd2 Qe7 12. a3 h6 13. c4 O-O-O 14. b4 f5 15. b5 g5 16. Qe3 f4 17. Qb3 Nb8 18. Nc3 g4 19. Ne1 f3 20. Nd3 Bxb5 21. Nxb5 axb5 22. Bb4 Qh7 23. Rfd1 bxc4 24. Qxc4 Qd7 25. Nb2 Qc6 26. Qxg4 Bxb4 27. axb4 Qc2 28. Rdc1 Qf5 29. Nc4 Rhg8 30. Nb6# 1-0

[Event "Corr"]
[Site "?"]
[Date "2000.10.01"]
[Round "?"]
[White "Poetschke Wolfgang"]
[Black "Dietze Otto"]
[Result "1-0"]
[WhiteElo "2300"]
[BlackElo "2126"]
[PlyCount "35"]
[EventDate "2000.??.??"]
[Source "www.chesslib.no"]
[SourceDate "2004.05.04"]

1. e4 e5 2. Nf3 Nf6 3. d4 exd4 4. e5 Nd5 5. Qxd4 c6 6. Bc4 Qa5+ 7. Bd2 Nb4 8. O-O Qb6 9. Qf4 Nd5 10. Bxd5 cxd5 11. Nc3 Bb4 12. Nxd5 Bxd2 13. Nxd2 Qa5 14. e6 O-O 15. Ne7+ Kh8 16. Qxf7 Qd8 17. Ng6+ hxg6 18. e7 1-0

[Event "Batalha dos Mestres 3rd"]
[Site "?"]
[Date "2002.10.19"]
[Round "7.1"]
[White "Frois Antonio"]
[Black "Lima Paulo Sergio"]
[Result "1-0"]
[WhiteElo "2341"]
[BlackElo "2063"]
[PlyCount "34"]
[EventDate "2002.??.??"]
[Source "www.chesslib.no"]
[SourceDate "2004.05.04"]

1. e4 e5 2. Nf3 Nf6 3. d4 d5 4. Nxe5 Nxe4 5. Bd3 Be7 6. O-O O-O 7. Re1 f6 8. Nf3 f5 9. c4 c5 10. cxd5 cxd4 11. Bc4 Bd6 12. Nbd2 Qc7 13. Bb3 Nc5 14. Nc4 Nba6 15. Nxd6 Qxd6 16. Qxd4 f4 17. Bc2 Bg4 1-0

[Event "ch-Euro Blitz"]
[Site "Ajaccio FRA"]
[Date "2007.10.26"]
[Round "29"]
[White "Leburgue, S."]
[Black "Humeau, C."]
[Result "0-1"]
[WhiteElo "2234"]
[BlackElo "2159"]
[PlyCount "61"]
[EventDate "2007.10.25"]
[Source "www.chesslib.no"]
[SourceDate "2004.05.04"]

1. e4 e5 2. d4 Nf6 3. Nf3 Nxe4 4. Bd3 d5 5. Nxe5 Nd7 6. Nxd7 Bxd7 7. O-O Bd6 8. c4 c6 9. cxd5 cxd5 10. Nc3 Nxc3 11. bxc3 O-O 12. Qh5 f5 13. c4 g6 14. Qf3 Bc6 15. cxd5 Bd7 16. Bf4 Qb8 17. Bxd6 Qxd6 18. Rfe1 Rfe8 19. h4 Qf6 20. Qf4 Rac8 21. Re5 Rc3 22. Rxe8+ Bxe8 23. Re1 Bf7 24. Bf1 Kg7 25. d6 Rc6 26. d7 Rd6 27. Bb5 a6 28. Ba4 b5 29. Re8 Rxd7 30. Re5 bxa4 31. g3 0-1

[Event "Corr"]
[Site "?"]
[Date "2001.10.01"]
[Round "?"]
[White "Hallengren Boris"]
[Black "Gomez Galan Arense Joaquin"]
[Result "1-0"]
[WhiteElo "2303"]
[BlackElo "2080"]
[PlyCount "61"]
[EventDate "2001.??.??"]
[Source "www.chesslib.no"]
[SourceDate "2004.05.04"]

1. e4 e5 2. Nf3 Nf6 3. d4 exd4 4. e5 Bb4+ 5. c3 dxc3 6. bxc3 Be7 7. exf6 Bxf6 8. Qe2+ Qe7 9. Qxe7+ Bxe7 10. Bd3 d5 11. O-O O-O 12. Re1 Bf6 13. Ba3 Rd8 14. Be7 Bxe7 15. Rxe7 c5 16. Nbd2 Nc6 17. Rc7 c4 18. Bc2 Rd7 19. Re1 Kf8 20. Ng5 g6 21. Nxh7+ Kg7 22. Rxd7 Bxd7 23. Ng5 b5 24. Ngf3 b4 25. Ba4 bxc3 26. Nb1 c2 27. Na3 Nd4 28. Nxd4 Bxa4 29. Naxc2 Bxc2 30. Nxc2 Rd8 31. Rd1 1-0

[Event "It (Women) Jakarta"]
[Site "?"]
[Date "2005.10.23"]
[Round "5"]
[White "Lumongdong Lisa Karlina"]
[Black "Tamin Upi Darmayana"]
[Result "1/2-1/2"]
[WhiteElo "2163"]
[BlackElo "2219"]
[PlyCount "20"]
[EventDate "2005.??.??"]
[Source "www.chesslib.no"]
[SourceDate "2004.05.04"]

1. e4 e5 2. Nf3 Nf6 3. d4 d5 4. Nxe5 Nxe4 5. Bd3 Nf6 6. O-O Be7 7. Nd2 O-O 8. Ndf3 Ne4 9. Nd2 f6 10. Nef3 Nd6 1/2-1/2

[Event "Velden Open"]
[Site "Velden GER"]
[Date "1995.??.??"]
[Round "1"]
[White "Dueckstein, Andreas"]
[Black "Thielemann, Joachim"]
[Result "1-0"]
[WhiteElo "2345"]
[BlackElo "2030"]
[PlyCount "63"]
[EventDate "1995.06.??"]
[Source "www.chesslib.no"]
[SourceDate "2004.05.04"]

1. e4 e5 2. Nf3 Nf6 3. d4 exd4 4. e5 Qe7 5. Be2 Ng4 6. Qxd4 Qb4+ 7. c3 Qxd4 8. cxd4 g6 9. Nc3 c6 10. h3 Nh6 11. Ne4 Bb4+ 12. Kf1 Ng8 13. Bf4 b6 14. a3 Be7 15. Nd6+ Bxd6 16. exd6 h6 17. Re1 Kf8 18. g4 Ba6 19. Kg2 c5 20. dxc5 bxc5 21. Ne5 Nf6 22. Bf3 Nc6 23. Nxd7+ Nxd7 24. Bxc6 Rd8 25. Re7 Bc8 26. Bd5 Rh7 27. Bxh6+ Kg8 28. Bf4 Nf6 29. Bf3 a6 30. Rc1 Kg7 31. Rxc5 Rdh8 32. Rcc7 1-0

[Event "CZE Ch women"]
[Site "Olomouc CZE"]
[Date "1995.??.??"]
[Round "?"]
[White "Kawaciukova, Zuzana"]
[Black "Orsagova, Silvie"]
[Result "1/2-1/2"]
[WhiteElo "2110"]
[BlackElo "2235"]
[PlyCount "41"]
[EventDate "1995.??.??"]
[Source "www.chesslib.no"]
[SourceDate "2004.05.04"]

1. e4 e5 2. Nf3 Nf6 3. d4 exd4 4. e5 Ne4 5. Bb5 c6 6. Qxd4 Nc5 7. Bc4 b5 8. Be2 d5 9. exd6 Ne6 10. d7+ Nxd7 11. Qe4 Qb6 12. Bg5 Bd6 13. O-O O-O 14. Nc3 Nxg5 15. Nxg5 Nf6 16. Qh4 Bf5 17. Rad1 Be7 18. Bd3 Bxd3 19. Rxd3 h6 20. Nf3 Rad8 21. Nd4 1/2-1/2

[Event "BL 0001 (Women)"]
[Site "Germany"]
[Date "2000.??.??"]
[Round "1.5"]
[White "Te Llalemand, Rosa"]
[Black "Kube, Hannelore"]
[Result "1-0"]
[WhiteElo "2289"]
[BlackElo "2052"]
[PlyCount "69"]
[EventDate "2000.10.??"]
[Source "ChessBase"]
[SourceDate "2001.07.03"]

1. e4 e5 2. Nf3 Nf6 3. d4 d5 4. Nxe5 Nxe4 5. Bd3 Nd7 6. Nxd7 Bxd7 7. O-O Qh4 8. c4 Bd6 9. g3 Qh3 10. c5 Bg4 11. Be2 Bxe2 12. Qxe2 Be7 13. Qb5+ c6 14. Qxb7 Rc8 15. Nc3 h5 16. Nxe4 dxe4 17. Re1 Qf5 18. Rxe4 Qxe4 19. Qxc8+ Bd8 20. Bg5 O-O 21. Bxd8 Qxd4 22. Qxc6 Rxd8 23. Qb5 h4 24. c6 h3 25. c7 Rc8 26. Re1 Qg4 27. Qd5 g6 28. Re7 Rf8 29. f3 Qc8 30. Rd7 Qa6 31. Rxf7 Qb6+ 32. Kh1 Rxf7 33. c8=Q+ Kg7 34. Qxh3 Kf6 35. Qh8+ 1-0

[Event "Bad Koenigshofen"]
[Site "?"]
[Date "2006.08.11"]
[Round "8.1"]
[White "Melamed Tatjana"]
[Black "Kube Hannelore"]
[Result "1-0"]
[WhiteElo "2347"]
[BlackElo "1990"]
[PlyCount "48"]
[EventDate "2006.??.??"]
[Source "www.chesslib.no"]
[SourceDate "2004.05.04"]

1. e4 e5 2. Nf3 Nf6 3. d4 d5 4. Nxe5 Nxe4 5. Bd3 Nc6 6. Nxc6 bxc6 7. O-O Bd6 8. c4 Qh4 9. g3 Qh3 10. c5 Be7 11. Bf4 h5 12. f3 g5 13. Bxc7 Nxc5 14. dxc5 Bxc5+ 15. Kh1 Be6 16. Nc3 Kd7 17. Be5 f6 18. Bxf6 h4 19. g4 Bd6 20. Rf2 Bc5 21. Bf1 Qg3 22. Ne4 Bxf2 23. Nxg3 hxg3 24. Bxh8 Rxh8 1-0